[Event "Blitz RR (Jul 2017) 1500-1899"]
[Site "SchemingMind.com"]
[Date "2017.07.22"]
[Round "-"]
[White "Sir Osis of the Liver"]
[Black "Scooter"]
[Result "1-0"]
[WhiteCountry "ENG"]
[BlackCountry "USA"]
[WhiteElo "1679"]
[WhiteRD "73"]
[BlackElo "1711"]
[BlackRD "52"]
[GameID "416676"]

1. e4 c6 2. d4 d5 3. e5 Bf5 4. Nc3 e6 5. Nf3 Nd7 6. Bd3 Bxd3 7. Qxd3 c5 8. dxc5 Bxc5 9. O-O Ne7 10. Bg5 h6
11. Bf4 Ng6 12. Bg3 a6 13. Rae1 Bb4 14. a3 Bxc3 15. Qxc3 Rc8 16. Qe3 O-O 17. c3 Rc4 18. Nd2 Rc6 19. f4 Qb6 20. Nf3 Qxe3+
21. Rxe3 Nc5 22. h3 Ne4 23. Be1 Nxf4 24. Nd4 Rcc8 25. Rxf4 g5 26. Rff3 Kg7 27. Ne2 Kg6 28. Ng3 Nxg3 29. Rxg3 f5 30. exf6 Rxf6
31. Bf2 Rcf8 32. Rgf3 Rxf3 33. gxf3 Kf5 34. Kg2 b5 35. b4 Rc8 36. Kg3 Rc4 37. Be1 h5 38. Bd2 e5 39. Rd3 d4 40. cxd4 e4
41. fxe4+ Kxe4 42. Rc3 Kxd4 43. Rf3 Rc2 44. Bxg5
1-0

[Event "Blitz RR (Jul 2017) 1500-1899"]
[Site "SchemingMind.com"]
[Date "2017.07.24"]
[Round "-"]
[White "Sir Osis of the Liver"]
[Black "Wojtek26"]
[Result "1-0"]
[WhiteCountry "ENG"]
[BlackCountry "POL"]
[WhiteElo "1679"]
[WhiteRD "73"]
[BlackElo "1596"]
[BlackRD "45"]
[GameID "416677"]

1. e4 e5 2. Nf3 Nc6 3. Bc4 Nf6 4. Ng5 d5 5. exd5 Nxd5 6. Qf3 Be6 7. Nxe6 fxe6 8. O-O Nd4 9. Qh5+ g6 10. Qxe5 Nxc2
11. Qxh8 Nxa1 12. d3 Nc2 13. Qxh7 Qf6 14. Bxd5 exd5 15. Qxc7 Nd4 16. Kh1 Bd6 17. Qxb7 Rb8 18. Re1+ Kf8 19. Qxd5 Re8 20. Bh6+
1-0

[Event "Blitz RR (Jul 2017) 1500-1899"]
[Site "SchemingMind.com"]
[Date "2017.07.24"]
[Round "-"]
[White "Wojtek26"]
[Black "Sir Osis of the Liver"]
[Result "0-1"]
[WhiteCountry "POL"]
[BlackCountry "ENG"]
[WhiteElo "1596"]
[WhiteRD "45"]
[BlackElo "1679"]
[BlackRD "73"]
[GameID "416678"]

1. d4 d5 2. c4 dxc4 3. e3 e6 4. Bxc4 Nf6 5. Nf3 Bd6 6. O-O h6 7. Nbd2 O-O 8. a3 a6 9. b4 Nc6 10. Bb2 Re8
11. h3 Ne7 12. Ne5 Bxe5 13. dxe5 Nfd5 14. Bxd5 exd5 15. Nf3 Be6 16. Nd4 Bd7 17. Qf3 Ng6 18. Qxd5 c6 19. Qb3 Nxe5 20. Rfd1 Qg5
21. Ne2 Bxh3 22. Ng3 Bg4 23. Rd2 Be6 24. Qc3 Nc4 25. Ne4 Qg6 26. Rd4 Nxb2 27. Qxb2 Bg4 28. Nc5 b6 29. Nb3 Bf3 30. Kf1 Qxg2+
31. Ke1 Rxe3+ 32. Kd2 Qxf2+
0-1